000 nam a22 7a 4500
999 _c8129
_d8129
008 171129b xxu||||| |||| 00| 0 eng d
020 _a9788172164454
100 _aUppal A K
_94570
245 _aInternational Dictionary of terms in Games and Sports
250 _aVolume 1
260 _aNew Delhi
_bFriends Publication
_c2016